000 00637nam a22002057a 4500
003 BD-DhJNU
005 20250210072852.0
008 250210b |||||||| |||| 00| 0 eng d
020 _a9780024154407
040 _aBD-DhJNU
_bENG
_cBD-DhJNU
_dBD-DhJNU
082 _223
_a004.6 STD
100 _aStallings, William
245 _aData and Computer Communications /
_cWilliam Stallings
260 _aNew York :
_bMacmillan Publishing,
_c1985.
300 _axiv, 594p. :
_bill. ;
_c26 cm.
504 _aIncludes bibliographical references and index
650 _aComputer Communications
650 _aData Networking
942 _2ddc
_cBK
_n0
999 _c1292
_d1292